Thử phân tích chiến lược mới của Nga đối với Asean và những vấn đề đặt ra đối với Việt Nam /

保存先:
書誌詳細
第一著者: Nguyễn Cảnh Toàn, TS.
フォーマット: 論文
言語:Vietnamese
主題:
タグ: タグ追加
タグなし, このレコードへの初めてのタグを付けませんか!
Thư viện lưu trữ: Thư viện Trường Đại học Đà Lạt
LEADER 00861nam a2200265 4500
001 DLU110128488
005 ##20111125
040 # # |a DLU  |b vie 
041 # # |a vie 
044 # # |a vn 
100 # # |a Nguyễn Cảnh Toàn,   |c TS. 
245 # # |a Thử phân tích chiến lược mới của Nga đối với Asean và những vấn đề đặt ra đối với Việt Nam /  |c Nguyễn Cảnh Toàn. 
653 # # |a Hợp tác kinh tế 
653 # # |a Quan hệ Đông Nam Á - Nga 
653 # # |a Quan hệ Asean-Nga 
773 # # |t Nghiên cứu Châu Âu  |g Số 1(112), 2010, tr. 72-81 
920 # # |a Phòng Tạp chí -- Trung tâm Thông tin - Thư viện Trường Đại học Đà Lạt 
994 # # |a DLU 
900 # # |a True 
911 # # |a Nguyễn Thị Linh Chi 
925 # # |a G 
926 # # |a A 
927 # # |a BB 
980 # # |a Thư viện Trường Đại học Đà Lạt